| 000 | 00840nam a22002537a 4500 | ||
|---|---|---|---|
| 999 |
_c677 _d677 |
||
| 001 | 677 | ||
| 003 | BD-JhCC | ||
| 005 | 20171008191435.0 | ||
| 008 | 171008s2010 bg |||| |||| 001 0 ben d | ||
| 020 | _a9847029600054 | ||
| 035 | _a(BD-JhCC)677 | ||
| 040 |
_aBD-JhCC _dBD-JhCC |
||
| 041 | _aeng | ||
| 082 |
_222 _a954.9205 _bMAM 2010 |
||
| 100 | _aমামুন, মুনতাসির | ||
| 245 |
_aমুক্তিযুদ্ধপঞ্জি ৬ / _cমুনতাসির মামুন |
||
| 260 |
_aঢাকা: _bবাংলাদেশ চর্চা, _c২০১০. |
||
| 300 |
_a২৬০ পৃ. : _c২২ সেমি. |
||
| 504 | _aIncludes Index | ||
| 650 |
_aHistory Liberation War, 1971 _zBangladesh |
||
| 700 | _aহাসিনা আহমেদ | ||
| 942 |
_2ddc _cBK |
||